| 000 | 01237 a2200217 4500 | ||
|---|---|---|---|
| 003 | Nust | ||
| 005 | 20170207153257.0 | ||
| 010 | _a 74021245 | ||
| 020 | _a0870231790 : | ||
| 040 | _cNust | ||
| 082 | 0 | 0 | _a599.74443 |
| 100 | 1 | _aSheldon, William G. | |
| 245 | 1 | 4 |
_aThe wilderness home of the giant panda / _cWilliam G. Sheldon ; ill. by Russ W. Buzzell. |
| 260 |
_aAmherst : _bUniversity of Massachusetts Press, _c1975. |
||
| 300 |
_a196 p. : _bill. ; _c24 cm. |
||
| 505 | _aExpedition Organization (Page-1) Approaching the gateway to the Land of the Giant Panda (Page-7) Entering the Realm of the Giant Panda (Page-15) The Roof of the Giant Panda World (Page-37) Off for the Giant Panda Valley (Page-65) The Environment of the Giant Panda (Page-71) Exploring the Giant Panda Habitat (Page-75) Trailing Giant Panda in the Snow (Page-103) The Romantic Headwaters of Chengo Stream (Page-119) Close Quarters with a Giant Panda (Page-143) Our Departure and Narrow Escape from Bandits (Page-151) Summary of the Behavior and Status of the Giant Panda (Page-161) | ||
| 538 | _aAlmirah No 18. Shelf No.6 | ||
| 650 | 0 | _aGiant panda. | |
| 650 | 0 |
_aNatural history _zChina _zSichuan Sheng. |
|
| 651 | 0 |
_aSichuan Sheng (China) _xDescription and travel. |
|
| 942 |
_2ddc _cBK |
||
| 999 |
_c183099 _d183099 |
||